[Event "12. Int. Neckar-Open A-Open"]
[Site "Deizisau, Germany"]
[Date "2008.03.20"]
[Round "1.2"]
[White "Valner, Uku"]
[Black "Korneev, Oleg"]
[Result "0-1"]
[WhiteElo "2128"]
[BlackElo "2645"]
[PlyCount "98"]
[EventDate "2008.??.??"]

1. e4 c5 2. Nc3 e6 3. g3 d5 4. d3 d4 5. Nce2 Nc6 6. Bg2 e5 7. f4 Bd6 8. Nf3
Nge7 9. O-O Bg4 10. h3 Bxf3 11. Rxf3 Qc7 12. c3 f6 13. cxd4 exd4 14. Bd2 O-O-O
15. Qb3 Kb8 16. Rc1 Rhe8 17. f5 Ne5 18. Rff1 Qb6 19. Qxb6 axb6 20. Nf4 g5 21.
fxg6 N7xg6 22. Rcd1 c4 23. Nxg6 hxg6 24. dxc4 Nxc4 25. Rxf6 Bxg3 26. Rxg6 Be5
27. b3 Nxd2 28. Rxd2 Rc8 29. Kf1 Rc3 30. Ke2 Re3+ 31. Kd1 d3 32. Bf1 Rd8 33.
Rg5 Bg3 34. Rxd3 Rexd3+ 35. Bxd3 Rxd3+ 36. Ke2 Rc3 37. Kd2 Rf3 38. Ke2 Rc3 39.
Kd2 Bf4+ 40. Kxc3 Bxg5 41. Kc4 Kc7 42. Kb5 Bh4 43. a4 Be1 44. b4 Bg3 45. a5 Be1
46. Ka4 Kc6 47. axb6 Kd6 48. Kb5 Ke5 49. Kc5 Bf2+ 0-1

[Event "12. Int. Neckar-Open A-Open"]
[Site "Deizisau, Germany"]
[Date "2008.03.20"]
[Round "1.3"]
[White "Graf, Alexander"]
[Black "Schuler, Marc"]
[Result "1-0"]
[WhiteElo "2586"]
[BlackElo "2125"]
[PlyCount "63"]
[EventDate "2008.??.??"]

1. d4 Nf6 2. c4 e6 3. Nc3 Bb4 4. e3 b6 5. Bd3 Bb7 6. Nf3 O-O 7. O-O d5 8. a3
Bxc3 9. bxc3 c5 10. cxd5 exd5 11. dxc5 bxc5 12. c4 Nbd7 13. Bb2 Rb8 14. cxd5
Bxd5 15. Qc2 Qb6 16. Bxf6 Nxf6 17. Nd2 Qc7 18. Rfc1 Rfc8 19. Bf5 Be6 20. Bxe6
fxe6 21. h3 Qe5 22. Nc4 Qg5 23. Qa4 Rc7 24. Rab1 Rf8 25. Qa6 Qf5 26. f3 Nh5 27.
Qd6 Rcf7 28. Ne5 Ng3 29. Kh2 Ne2 30. Re1 Re7 31. Rxe2 Qxb1 32. Qxe7 1-0

[Event "12. Int. Neckar-Open A-Open"]
[Site "Deizisau, Germany"]
[Date "2008.03.20"]
[Round "1.4"]
[White "Fiedler, Jörg"]
[Black "Chatalbashev, Boris"]
[Result "0-1"]
[WhiteElo "2123"]
[BlackElo "2585"]
[PlyCount "38"]
[EventDate "2008.??.??"]

1. f4 g6 2. Nf3 Bg7 3. e3 c5 4. Be2 Nf6 5. O-O O-O 6. d3 d5 7. Qe1 Nc6 8. Qh4
b6 9. Nbd2 Ba6 10. c4 e6 11. g4 Nb4 12. Ne1 b5 13. Rf3 bxc4 14. dxc4 Ne4 15.
Qxd8 Rfxd8 16. a3 Nc6 17. Nxe4 dxe4 18. Rf2 Na5 19. Rb1 Nb3 0-1

[Event "12. Int. Neckar-Open A-Open"]
[Site "Deizisau, Germany"]
[Date "2008.03.20"]
[Round "1.5"]
[White "Erdos, Viktor"]
[Black "Fox, Daniel"]
[Result "1-0"]
[WhiteElo "2575"]
[BlackElo "2120"]
[PlyCount "107"]
[EventDate "2008.??.??"]

1. d4 d5 2. c4 e6 3. Nc3 Nf6 4. cxd5 exd5 5. Bg5 Bb4 6. e3 c5 7. dxc5 O-O 8.
Rc1 Be6 9. Nf3 Bxc5 10. Bb5 a6 11. Ba4 Be7 12. O-O Nbd7 13. Nd4 Rc8 14. Bc2 Re8
15. h3 Qb6 16. Ba4 Red8 17. Bxd7 Rxd7 18. Bxf6 Bxf6 19. Ne4 Rxc1 20. Nxf6+ gxf6
21. Qxc1 Rc7 22. Qd2 Qd6 23. f4 Re7 24. Rf3 Bd7 25. Qe1 Re4 26. Qh4 Kf8 27. Kh2
Ke7 28. Qxh7 Qb4 29. Qh5 Qd6 30. Rg3 Be6 31. Qh6 Qd8 32. b3 Bd7 33. Qh5 Be6 34.
Qh7 Kd6 35. f5 Bd7 36. Qxf7 Qe7 37. Qxe7+ Rxe7 38. Rf3 Be8 39. g4 Rh7 40. Kg3
Ke5 41. Rf4 Rc7 42. Nf3+ Kd6 43. Rd4 Rc2 44. Rd2 Rc7 45. h4 Re7 46. Rd3 Bb5 47.
Rc3 Bd7 48. h5 Rh7 49. Rd3 Bb5 50. Rd4 Kc5 51. b4+ Kd6 52. e4 Bc6 53. Kf4 Re7
54. Nd2 1-0

[Event "12. Int. Neckar-Open A-Open"]
[Site "Deizisau, Germany"]
[Date "2008.03.20"]
[Round "1.6"]
[White "Rombach, Michael"]
[Black "Peralta, Fernando"]
[Result "0-1"]
[WhiteElo "2120"]
[BlackElo "2551"]
[PlyCount "90"]
[EventDate "2008.??.??"]

1. d4 d5 2. c4 c6 3. Nc3 dxc4 4. e4 b5 5. a4 b4 6. Na2 Nf6 7. e5 Nd5 8. Bxc4 e6
9. Nf3 a5 10. O-O Be7 11. Bd2 Ba6 12. Qc2 Bxc4 13. Qxc4 Nb6 14. Qc2 Qd5 15. Nc1
N8d7 16. Nd3 c5 17. dxc5 Nxc5 18. Nxc5 Qxc5 19. Qe4 O-O 20. Rac1 Qd5 21. Qxd5
Nxd5 22. Rc6 Rfc8 23. Rfc1 Rxc6 24. Rxc6 Kf8 25. Kf1 Ke8 26. Ke2 Kd7 27. Rc1 f6
28. g3 Bd8 29. g4 Bc7 30. exf6 gxf6 31. h4 e5 32. Kd3 Rg8 33. g5 f5 34. Rxc7+
Kxc7 35. Nxe5 Rd8 36. Ke2 Re8 37. f4 Nb6 38. Kf3 Nxa4 39. Nc4 Re4 40. b3 Rxc4
41. bxc4 b3 42. Bc1 b2 43. Bxb2 Nxb2 44. h5 Nxc4 45. g6 hxg6 0-1

[Event "12. Int. Neckar-Open A-Open"]
[Site "Deizisau, Germany"]
[Date "2008.03.20"]
[Round "1.8"]
[White "May, Jürgen"]
[Black "Naumann, Alexander"]
[Result "0-1"]
[WhiteElo "2118"]
[BlackElo "2541"]
[PlyCount "156"]
[EventDate "2008.??.??"]

1. e4 c5 2. Nf3 d6 3. d4 cxd4 4. Nxd4 Nf6 5. Nc3 a6 6. f4 Qc7 7. Bd3 g6 8. O-O
Bg7 9. Kh1 O-O 10. Nf3 b5 11. a3 Bb7 12. Qe1 Nbd7 13. Qh4 e5 14. fxe5 dxe5 15.
Bh6 Nh5 16. Bxg7 Kxg7 17. Ng5 Ndf6 18. Rae1 Rae8 19. Re3 h6 20. Nh3 Qe7 21.
Ref3 Nh7 22. Qxe7 Rxe7 23. g4 N5f6 24. Nf2 Ng5 25. Rg3 Ne6 26. h3 Rd8 27. Rf3
Rd6 28. Kh2 Nd7 29. Re3 Nf4 30. Kg3 Nc5 31. Rd1 Red7 32. Kh2 Rd8 33. Kg3 h5 34.
Rd2 Rh8 35. Rd1 Rhd8 36. Kh2 Rd4 37. gxh5 Nxh5 38. Rg1 Nf4 39. Rgg3 Rh8 40. Rg1
Bc6 41. Rg5 Nce6 42. Rgg3 Rh5 43. Rg1 Rd8 44. Rgg3 Rdh8 45. Bf1 Nd4 46. Bd3
Nxd3 47. cxd3 f5 48. exf5 Nxf5 49. Nce4 Bxe4 50. Rxe4 Nxg3 51. Kxg3 Rd8 52. Re3
Rf5 53. Ng4 Rd5 54. Nf2 Kf7 55. Ne4 Rf1 56. Nf2 Ke6 57. Re2 Rd4 58. Re3 Rg1+
59. Kh2 Rc1 60. Re2 a5 61. Ng4 Rc5 62. Nf2 b4 63. axb4 axb4 64. Kg3 b3 65. Re3
Rc2 66. Ng4 e4 67. dxe4 Rxb2 68. Rc3 Rxe4 69. Rc6+ Kf7 70. Kf3 Re6 71. Rc7+ Re7
72. Rc5 Rc2 73. Ne5+ Kg7 74. Rb5 b2 75. Kf4 Rf2+ 76. Kg3 Rf5 77. Rxb2 Rfxe5 78.
Kg2 Re2+ 0-1

[Event "12. Int. Neckar-Open A-Open"]
[Site "Deizisau, Germany"]
[Date "2008.03.20"]
[Round "1.10"]
[White "Stiepan, Hans-Michael"]
[Black "Dgebuadze, Alexandre"]
[Result "0-1"]
[WhiteElo "2113"]
[BlackElo "2512"]
[PlyCount "49"]
[EventDate "2008.??.??"]

1. d4 Nf6 2. Nf3 e6 3. c4 c5 4. Nc3 cxd4 5. Nxd4 a6 6. g3 Qc7 7. Qd3 Nc6 8. b3
Nxd4 9. Qxd4 Bc5 10. Qf4 Qc6 11. Qf3 Bd4 12. Bb2 Ne4 13. Nxe4 Bxb2 14. Rd1 d5
15. Nd2 O-O 16. Bg2 Qc7 17. cxd5 exd5 18. O-O Be6 19. Qd3 Qa5 20. Qb1 Bf6 21.
Nf3 Rfe8 22. Nd4 Bg4 23. Rfe1 Rad8 24. Bf3 Bxf3 25. Nxf3 0-1

[Event "12.Int.Neckar-Open A-Open"]
[Site "Deizisau, Germany"]
[Date "2008.03.20"]
[Round "1.13"]
[White "Leon Hoyos, Manuel"]
[Black "Meessen, Max"]
[Result "1-0"]
[WhiteElo "2495"]
[BlackElo "2109"]
[PlyCount "83"]
[EventDate "2008.03.20"]

1. e4 c5 2. Nf3 d6 3. Bc4 Nf6 4. d3 Nc6 5. c3 g6 6. O-O Bg7 7. Bb3 O-O 8. Re1
e5 9. Nbd2 Qc7 10. Nc4 b5 11. Ne3 Rb8 12. a4 a6 13. h3 Bb7 14. Nh2 Na5 15. Ba2
c4 16. axb5 axb5 17. Nhg4 Nd7 18. dxc4 bxc4 19. Nd5 Qd8 20. Nge3 Bxd5 21. Nxd5
Nc5 22. Nb4 Ra8 23. Qd5 Nab3 24. Rb1 Nxc1 25. Rbxc1 Na4 26. Bxc4 Nxb2 27. Bb3
Na4 28. Bxa4 Rxa4 29. Red1 Qc7 30. Qb5 Ra5 31. Qd3 Ra3 32. Nd5 Qc5 33. Rb1 Ra2
34. Rf1 Rfa8 35. Qf3 R2a7 36. Rb6 Rd8 37. Rfb1 h6 38. Rb8 Rad7 39. R1b7 Rxb7
40. Rxd8+ Bf8 41. Qf6 Rb1+ 42. Kh2 1-0

[Event "12. Int. Neckar-Open A-Open"]
[Site "Deizisau, Germany"]
[Date "2008.03.20"]
[Round "1.14"]
[White "Teuschler, Hugo"]
[Black "Farago, Ivan"]
[Result "0-1"]
[WhiteElo "2104"]
[BlackElo "2475"]
[PlyCount "82"]
[EventDate "2008.??.??"]

1. e4 c5 2. Nf3 e6 3. d4 cxd4 4. Nxd4 a6 5. Bd3 Nf6 6. O-O Qc7 7. Qe2 d6 8. a4
Nbd7 9. f4 Be7 10. Be3 O-O 11. a5 Re8 12. Nc3 Nc5 13. Nb3 Bd7 14. Nxc5 dxc5 15.
Bc4 Bc6 16. f5 Bd6 17. fxe6 fxe6 18. h3 Nxe4 19. Nxe4 Bxe4 20. Qg4 Bd5 21. Bd3
c4 22. Bb6 Bc5+ 23. Kh1 Bxb6 24. axb6 Qe7 25. Bxc4 Qb4 26. Bxd5 Qxg4 27. hxg4
exd5 28. Rad1 Rad8 29. Rf5 Re6 30. Rdxd5 Rxd5 31. Rxd5 Rxb6 32. b3 Kf7 33. Kh2
Ke6 34. Rd3 Rc6 35. c3 a5 36. Kg3 b5 37. Kf3 a4 38. bxa4 bxa4 39. Ke3 Rd6 40.
c4 Rxd3+ 41. Kxd3 Kd6 0-1

[Event "12.Int.Neckar-Open A-Open"]
[Site "Deizisau, Germany"]
[Date "2008.03.20"]
[Round "1.15"]
[White "Lanka, Zirgurds"]
[Black "Aksenov, Pawel"]
[Result "1-0"]
[WhiteElo "2475"]
[BlackElo "2103"]
[PlyCount "103"]
[EventDate "2008.??.??"]

1. e4 e6 2. d4 d5 3. Nc3 Bb4 4. e5 c5 5. a3 cxd4 6. axb4 dxc3 7. Nf3 cxb2 8.
Bxb2 Ne7 9. Bd3 Ng6 10. g3 Nd7 11. h4 Qc7 12. Qe2 a6 13. O-O Rb8 14. Rfe1 b5
15. Ng5 Nb6 16. f4 Nc4 17. Bd4 Nf8 18. Kh2 h6 19. Nh3 g6 20. h5 Rg8 21. Nf2 Kd7
22. Ng4 Kc6 23. Nf6 Rh8 24. Qg2 Qd8 25. Red1 gxh5 26. Ba7 Ra8 27. Bxc4 bxc4 28.
Bg1 Rb8 29. Rd4 Kc7 30. Rad1 Bb7 31. Rxc4+ dxc4 32. Bb6+ Kxb6 33. Qf2+ Kc7 34.
Qc5+ Bc6 35. Qa5+ Kb7 36. Rxd8 Rxd8 37. Qxd8 Ng6 38. Qd4 h4 39. Ne4 hxg3+ 40.
Kxg3 Rg8 41. Nd6+ Ka8 42. Kf2 Ne7 43. Qxc4 Rg2+ 44. Kf1 Ka7 45. Qc5+ Ka8 46.
Qb6 Rg8 47. Qxa6+ Kb8 48. Qb6+ Ka8 49. Qc7 Bg2+ 50. Kf2 Nf5 51. Qxf7 Rg7 52.
Qf8+ 1-0

[Event "12. Int. Neckar-Open B-Open"]
[Site "Deizisau, Germany"]
[Date "2008.03.20"]
[Round "1.1"]
[White "Schlippe, Axel"]
[Black "Löw, Gerhard"]
[Result "1-0"]
[WhiteElo "1999"]
[BlackElo "1767"]
[PlyCount "117"]
[EventDate "2008.??.??"]

1. Nf3 d6 2. d4 Nf6 3. c4 g6 4. g3 Bg7 5. Bg2 c6 6. O-O Bd7 7. Nc3 Qc8 8. Re1
O-O 9. e4 Ng4 10. h3 Nf6 11. Kh2 Na6 12. e5 dxe5 13. dxe5 Ne8 14. b3 f6 15. Ba3
Rf7 16. Qd2 g5 17. Rad1 Bf5 18. Nd4 fxe5 19. Nxf5 Qxf5 20. Ne4 h6 21. Qd7 Nd6
22. Qxf5 Nxf5 23. Rd7 Nd6 24. Bxd6 exd6 25. Rxf7 Kxf7 26. Nxd6+ Ke6 27. Nxb7
Rb8 28. Bxc6 Nb4 29. Bf3 Nxa2 30. Nc5+ Kd6 31. Ne4+ Kc7 32. Ra1 Nb4 33. Rxa7+
Rb7 34. Rxb7+ Kxb7 35. Nxg5+ Kb6 36. Ne4 Nd3 37. g4 Bf8 38. Kg3 Ka5 39. Be2 Nc1
40. Bd1 Kb4 41. f4 exf4+ 42. Kxf4 Bg7 43. Kf5 Bd4 44. Kg6 Be3 45. h4 Nd3 46. g5
hxg5 47. hxg5 Nc1 48. Kf5 Nd3 49. g6 Bh6 50. Kf6 Nb2 51. Be2 Kxb3 52. c5 Kb4
53. c6 Na4 54. c7 Nb6 55. Kf7 Ka5 56. Nd6 Kb4 57. Nf5 Bg7 58. Nxg7 Kc5 59. Ne6+
1-0

[Event "12. Int. Neckar-Open B-Open"]
[Site "Deizisau, Germany"]
[Date "2008.03.20"]
[Round "1.2"]
[White "Britsch, Benjamin"]
[Black "Adam, Wilfried"]
[Result "1/2-1/2"]
[WhiteElo "1764"]
[BlackElo "1997"]
[PlyCount "65"]
[EventDate "2008.??.??"]

1. d4 Nf6 2. Nf3 g6 3. Bg5 Bg7 4. e3 h6 5. Bh4 c5 6. c3 Qb6 7. Qc2 d5 8. dxc5
Qxc5 9. Nbd2 Nc6 10. Bd3 e5 11. Nb3 Qe7 12. Nfd2 Be6 13. a3 Rc8 14. O-O O-O 15.
f4 e4 16. Be2 b6 17. h3 a5 18. Bb5 Na7 19. Ba6 Rc7 20. Nd4 Bd7 21. a4 Qd6 22.
Qb3 Rb8 23. Bg3 Nh5 24. Bh2 Bxd4 25. cxd4 f5 26. Be2 Nf6 27. g4 Nc6 28. g5 Ne8
29. Nxe4 fxe4 30. f5 Qe7 31. Qxd5+ Qf7 32. Qxf7+ Kxf7 33. Bc4+ 1/2-1/2

[Event "12. Int. Neckar-Open A-Open"]
[Site "Deizisau, Germany"]
[Date "2008.03.21"]
[Round "2.1"]
[White "Schmitz, Thorsten"]
[Black "Fedorchuk, Sergey"]
[Result "0-1"]
[WhiteElo "2258"]
[BlackElo "2652"]
[PlyCount "82"]
[EventDate "2008.??.??"]
[TimeControl "7200"]

1. Nf3 Nf6 2. g3 b5 3. Bg2 Bb7 4. O-O e6 5. d3 Be7 6. e4 d6 7. Nbd2 O-O 8. Re1
c5 9. c3 Nc6 10. d4 cxd4 11. Nxd4 Qb6 12. Nxc6 Bxc6 13. b3 Nd7 14. Nf3 e5 15.
Be3 Qb7 16. Nd2 f5 17. f3 fxe4 18. fxe4 Nc5 19. Bxc5 dxc5 20. Qg4 Rf6 21. Nf1
c4 22. Ne3 Bc5 23. Kh1 Bxe3 24. Rxe3 cxb3 25. axb3 a5 26. Qe2 Qf7 27. b4 a4 28.
Rf3 Rxf3 29. Bxf3 Rd8 30. Ra3 Bd7 31. Kg2 g6 32. Ra1 Be6 33. Qxb5 Rd2+ 34. Be2
Bc4 35. Qb8+ Qf8 36. Qxf8+ Kxf8 37. Rxa4 Rxe2+ 38. Kf3 Rxh2 39. Ra7 Rc2 40.
Rxh7 Rxc3+ 41. Kg4 Bf7 0-1

[Event "12. Int. Neckar-Open A-Open"]
[Site "Deizisau, Germany"]
[Date "2008.03.21"]
[Round "2.3"]
[White "Otte, Marco"]
[Black "Graf, Alexander"]
[Result "0-1"]
[WhiteElo "2254"]
[BlackElo "2586"]
[PlyCount "80"]
[EventDate "2008.??.??"]

1. Nf3 d5 2. d4 Nf6 3. c4 e6 4. Nc3 Be7 5. Bg5 h6 6. Bxf6 Bxf6 7. e3 O-O 8. Be2
dxc4 9. Bxc4 c5 10. Ne4 Nc6 11. Nxc5 e5 12. Nb3 Bg4 13. dxe5 Nxe5 14. Qxd8
Rfxd8 15. Nxe5 Bxe5 16. f3 Bxb2 17. Rd1 Bd7 18. Kf2 Rac8 19. Bd3 b6 20. Rd2 Bc3
21. Rdd1 a5 22. Ba6 Ra8 23. Bb7 Rab8 24. Ba6 Bf6 25. Rd3 Be6 26. Rhd1 Rxd3 27.
Bxd3 a4 28. Nc1 b5 29. Bb1 b4 30. Bc2 Ra8 31. Bb1 Rc8 32. Ne2 Kf8 33. Rc1 Rd8
34. Ke1 a3 35. Rd1 Ra8 36. Nd4 Bxd4 37. Rxd4 b3 38. Rd2 Rc8 39. Kd1 Ke7 40. e4
Rd8 0-1

[Event "12. Int. Neckar-Open B-Open"]
[Site "?"]
[Date "2008.03.21"]
[Round "2.4"]
[White "Heinrichsen, Peter"]
[Black "Britsch, Dennis"]
[Result "0-1"]
[WhiteElo "1966"]
[BlackElo "1965"]
[PlyCount "92"]
[EventDate "2008.??.??"]

1. Nf3 f5 2. g3 Nf6 3. Bg2 g6 4. O-O Bg7 5. c3 O-O 6. d4 d6 7. Qb3+ e6 8. Ng5
d5 9. h4 Nc6 10. Bf4 b6 11. Nd2 Nh5 12. Be3 h6 13. Nh3 Na5 14. Qc2 Ba6 15. b4
Nc4 16. Nxc4 Bxc4 17. Nf4 Nxf4 18. Bxf4 g5 19. hxg5 hxg5 20. Bc1 a5 21. bxa5
Rxa5 22. f4 g4 23. Kf2 Qa8 24. a3 Qa6 25. Bb2 Ra8 26. Rfe1 Bf8 27. a4 Rxa4 28.
Rxa4 Qxa4 29. Qxa4 Rxa4 30. Bc1 Ra2 31. Ke3 c5 32. Bd2 cxd4+ 33. cxd4 Bg7 34.
Rc1 b5 35. Bf1 Bf8 36. Rb1 Bg7 37. Bb4 Kf7 38. Bc5 Bf6 39. Rd1 Ke8 40. Rd2 Ra1
41. Kf2 Bd8 42. Rb2 Kd7 43. Bg2 Ba5 44. Bb4 Bxb4 45. Rxb4 Kc6 46. Rb2 Kb6 0-1

[Event "12. Int. Neckar-Open A-Open"]
[Site "Deizisau, Germany"]
[Date "2008.03.21"]
[Round "2.4"]
[White "Chatalbashev, Boris"]
[Black "Remmler, Hans-Peter"]
[Result "1-0"]
[WhiteElo "2585"]
[BlackElo "2255"]
[PlyCount "83"]
[EventDate "2008.??.??"]

1. d4 Nf6 2. c4 c5 3. d5 b5 4. cxb5 a6 5. bxa6 Bxa6 6. Nc3 d6 7. g3 g6 8. Bg2
Bg7 9. Nf3 O-O 10. O-O Nbd7 11. Rb1 Qa5 12. Bd2 Rfb8 13. Qc2 Ne8 14. a4 Rb7 15.
b3 Qd8 16. Rfe1 Rab8 17. Nd1 Nb6 18. Ne3 Qd7 19. a5 Nc8 20. Nc4 Nc7 21. e4 Bxc4
22. bxc4 Rb2 23. Rxb2 Rxb2 24. Qc1 Qa4 25. e5 Qa2 26. Bh3 dxe5 27. Bxc8 e4 28.
Ng5 Rxd2 29. Nxe4 Rc2 30. Qf4 Rxc4 31. Qxc7 Rxe4 32. Qd8+ Bf8 33. Rf1 Rd4 34.
Bb7 Ra4 35. a6 c4 36. d6 exd6 37. Re1 Qa3 38. Bd5 Rxa6 39. Re8 Qa1+ 40. Kg2 Qg7
41. Re7 Ra3 42. Qe8 1-0

[Event "12. Int. Neckar-Open A-Open"]
[Site "Deizisau, Germany"]
[Date "2008.03.21"]
[Round "2.5"]
[White "Cherednichenko, Svetlana"]
[Black "Erdos, Viktor"]
[Result "0-1"]
[WhiteElo "2242"]
[BlackElo "2575"]
[PlyCount "80"]
[EventDate "2008.??.??"]

1. d4 e6 2. Nf3 Nf6 3. e3 d5 4. Bd3 b6 5. O-O Bb7 6. Nbd2 Bd6 7. b3 O-O 8. Ne5
c5 9. Bb2 Nc6 10. f4 Nb4 11. Be2 Qc7 12. a3 Nc6 13. Bd3 Ne7 14. Qe2 Rac8 15.
Rac1 Ng6 16. Qf2 Qe7 17. Rce1 Rc7 18. a4 Rfc8 19. f5 exf5 20. Qxf5 Bxe5 21.
dxe5 Nd7 22. c4 Ndxe5 23. Bb1 Re8 24. Rf4 Qd7 25. Qc2 dxc4 26. Nxc4 Nxc4 27.
bxc4 Qe6 28. h4 f6 29. Bc3 Kf8 30. Rf2 Be4 31. Qb2 Bxb1 32. Rxb1 Qg4 33. a5 Rc6
34. Qb5 Rd6 35. axb6 axb6 36. Qa4 Nxh4 37. Rbf1 Qd7 38. Qa1 Kg8 39. e4 Rxe4 40.
Ra2 Re8 0-1

[Event "12. Int. Neckar-Open A-Open"]
[Site "Deizisau, Germany"]
[Date "2008.03.21"]
[Round "2.7"]
[White "Gonzalez Garcia, Jose"]
[Black "Van Kampen, Robin"]
[Result "1/2-1/2"]
[WhiteElo "2549"]
[BlackElo "2243"]
[PlyCount "118"]
[EventDate "2008.??.??"]

1. d4 d5 2. c4 c6 3. Nf3 Nf6 4. e3 Bf5 5. Nc3 e6 6. Nh4 Bg6 7. Be2 Nbd7 8. O-O
Bd6 9. g3 O-O 10. Nxg6 hxg6 11. b3 Qe7 12. Bf3 Rab8 13. a3 b5 14. c5 Bc7 15. e4
dxe4 16. Nxe4 Nd5 17. Re1 Rfe8 18. Ng5 N7f6 19. Qd3 Qd7 20. Bb2 Ne7 21. Rad1
Nf5 22. Qf1 Nd5 23. Qh3 f6 24. Qh7+ Kf8 25. Bxd5 cxd5 26. Nf3 Kf7 27. Qh3 Rh8
28. Qg2 g5 29. Re2 g4 30. Nd2 Rbe8 31. Nf1 Rh5 32. Rde1 a6 33. b4 g6 34. f3
gxf3 35. Qxf3 Rg5 36. Rf2 Qd8 37. Bc1 Nxd4 38. Qd1 Re5 39. Bb2 Rxe1 40. Qxe1 e5
41. Bxd4 exd4 42. Qd2 Be5 43. Qd3 Qd7 44. Nd2 Qg4 45. Qf3 Qe6 46. Nb3 Kg7 47.
Rc2 f5 48. Re2 Qd7 49. Kf1 Re6 50. Qd3 Bf6 51. Rxe6 Qxe6 52. Nxd4 Qe7 53. c6
Kh7 54. Qc2 Bxd4 55. c7 Qe3 56. c8=Q Qg1+ 57. Ke2 Qe3+ 58. Kd1 Qg1+ 59. Ke2
Qe3+ 1/2-1/2

[Event "12. Int. Neckar-Open A-Open"]
[Site "Deizisau, Germany"]
[Date "2008.03.21"]
[Round "2.8"]
[White "Naumann, Alexander"]
[Black "Raykhman, Alexander"]
[Result "0-1"]
[WhiteElo "2541"]
[BlackElo "2242"]
[PlyCount "73"]
[EventDate "2008.??.??"]

1. d4 Nf6 2. c4 g6 3. Nf3 Bg7 4. g3 O-O 5. Bg2 d6 6. O-O Nbd7 7. Nc3 e5 8. e4
a6 9. h3 b5 10. Qc2 c6 11. Rd1 Qe7 12. c5 dxc5 13. dxe5 Ne8 14. Bg5 Qe6 15. Be3
Nc7 16. Rd6 Qe8 17. Rxc6 Ne6 18. Nd5 Bb7 19. Rd6 Nxe5 20. Nxe5 Bxe5 21. f4 Bxd6
22. Nf6+ Kh8 23. Nxe8 Rfxe8 24. Rd1 Red8 25. e5 Bxg2 26. Kxg2 Be7 27. Rxd8+
Rxd8 28. Qe4 Nd4 29. g4 Bf8 30. Qb7 Nc2 31. Bf2 Kg8 32. f5 gxf5 33. gxf5 Re8
34. e6 fxe6 35. f6 Rd8 36. Bxc5 Rd2+ 37. Kf1 0-1

[Event "12. Int. Neckar-Open A-Open"]
[Site "Deizisau, Germany"]
[Date "2008.03.21"]
[Round "2.10"]
[White "Dgebuadze, Alexandre"]
[Black "Aring, Gerd"]
[Result "1-0"]
[WhiteElo "2512"]
[BlackElo "2236"]
[PlyCount "61"]
[EventDate "2008.??.??"]

1. e4 c5 2. Nf3 Nc6 3. d4 cxd4 4. Nxd4 Nf6 5. Nc3 e5 6. Ndb5 d6 7. Nd5 Nxd5 8.
exd5 Nb8 9. c4 Be7 10. Bd3 O-O 11. O-O a6 12. Nc3 f5 13. f4 Bf6 14. Kh1 g6 15.
Ne2 Nd7 16. Rb1 Qc7 17. b3 Rb8 18. Be3 Re8 19. Rc1 Nc5 20. b4 Nxd3 21. Qxd3 Qe7
22. Nc3 b6 23. c5 bxc5 24. bxc5 dxc5 25. d6 Qe6 26. Nd5 Qxd6 27. Bxc5 Qd8 28.
fxe5 Rxe5 29. Nxf6+ Qxf6 30. Bd6 Qd8 31. Rxc8 1-0

[Event "12. Int. Neckar-Open A-Open"]
[Site "Deizisau, Germany"]
[Date "2008.03.21"]
[Round "2.12"]
[White "Bindrich, Falko"]
[Black "Otterstätter, Stefan"]
[Result "1-0"]
[WhiteElo "2497"]
[BlackElo "2228"]
[PlyCount "83"]
[EventDate "2008.??.??"]

1. e4 c5 2. Nf3 Nf6 3. Nc3 Nc6 4. d4 d5 5. exd5 Nxd5 6. dxc5 Nxc3 7. Qxd8+ Kxd8
8. bxc3 f6 9. Be3 e5 10. O-O-O+ Kc7 11. Nd2 Be6 12. Bc4 Bxc4 13. Nxc4 Be7 14.
Rd3 Rad8 15. Rhd1 g5 16. Nd6 Bxd6 17. cxd6+ Kd7 18. c4 b6 19. Ra3 Ke6 20. c5
bxc5 21. Bxc5 Rd7 22. Rdd3 Rb8 23. Rdb3 Rxb3 24. axb3 Kd5 25. Be3 Kxd6 26. Ra6
g4 27. b4 Rb7 28. Bc5+ Kd7 29. c3 f5 30. Kd2 h5 31. g3 h4 32. gxh4 Rb8 33. h5
Rh8 34. h6 Rxh6 35. b5 Rxh2 36. bxc6+ Kc7 37. Kd3 Rh3+ 38. Kc4 g3 39. fxg3 Rxg3
40. Bb4 f4 41. Ba5+ Kb8 42. c7+ 1-0

[Event "12. Int. Neckar-Open A-Open"]
[Site "Deizisau, Germany"]
[Date "2008.03.21"]
[Round "2.13"]
[White "Scharrer, Patrick"]
[Black "Leon Hoyos, Manuel"]
[Result "0-1"]
[WhiteElo "2495"]
[BlackElo "2225"]
[PlyCount "120"]
[EventDate "2008.??.??"]

1. e4 c5 2. Nf3 g6 3. d3 Bg7 4. g3 Nc6 5. Bg2 e5 6. O-O Nge7 7. c3 O-O 8. Re1
d5 9. exd5 Nxd5 10. Na3 Re8 11. Ng5 h6 12. Ne4 b6 13. Nc4 Be6 14. a4 Qc7 15. a5
Rad8 16. axb6 axb6 17. Qa4 f5 18. Ned2 Rb8 19. Qb5 Na7 20. Qa6 Re7 21. Nf3 Nc6
22. Qb5 Kh7 23. Ra6 Bc8 24. Ra1 Bd7 25. Qa6 Rb7 26. Na3 Be6 27. Nb5 Qd7 28. Qa4
Bf6 29. Nd2 Rb8 30. Nc4 Ree8 31. Qc2 Red8 32. Ra6 e4 33. dxe4 Ndb4 34. cxb4
Nxb4 35. Qa4 Nxa6 36. exf5 gxf5 37. Bf4 Nb4 38. Nca3 Rbc8 39. Qa7 Bf7 40. Qxd7
Rxd7 41. Bh3 Kg6 42. Nd6 Rxd6 43. Bxd6 Bxb2 44. Nb5 Re8 45. Rb1 Bc4 46. Bf1 Bd3
47. Rd1 Bc2 48. Rd2 Re1 49. Kg2 Bc1 50. Re2 Be4+ 51. f3 Rxe2+ 52. Bxe2 Bc6 53.
Kf2 Nd5 54. f4 Nf6 55. Bc7 Ng4+ 56. Ke1 Nxh2 57. Bxb6 Be3 58. Nd6 Ng4 59. Nc4
Bf2+ 60. Kf1 Bd4 0-1

[Event "12. Int. Neckar-Open A-Open"]
[Site "Deizisau, Germany"]
[Date "2008.03.21"]
[Round "2.15"]
[White "Schulte, Torsten"]
[Black "Lanka, Zigurds"]
[Result "1/2-1/2"]
[WhiteElo "2236"]
[BlackElo "2528"]
[PlyCount "90"]
[EventDate "2008.??.??"]

1. d4 Nf6 2. c4 g6 3. Nc3 Bg7 4. e4 d6 5. f4 O-O 6. Nf3 c5 7. dxc5 Qa5 8. Bd3
Qxc5 9. Qe2 Bg4 10. Be3 Qh5 11. O-O Nc6 12. h3 Bxf3 13. Qxf3 Qxf3 14. Rxf3 Nd7
15. Rc1 Rac8 16. b3 Rfe8 17. Rff1 a6 18. Rfd1 Bd4 19. Kf2 Bc5 20. Be2 Rcd8 21.
Bg4 e6 22. Bf3 e5 23. Nd5 exf4 24. Bxc5 dxc5 25. Bg4 Nce5 26. Bxd7 Nxd7 27.
Nxf4 Ne5 28. Ke3 Rc8 29. Rd6 f5 30. Rb6 Nd7 31. Rxb7 Rxe4+ 32. Kd2 Rxf4 33.
Rxd7 Rf2+ 34. Ke3 Rxg2 35. Kf3 Rh2 36. Kg3 Re2 37. Rcd1 Rce8 38. R1d5 R2e3+ 39.
Kg2 Re2+ 40. Kg3 R2e3+ 41. Kg2 R8e5 42. Rxe5 Rxe5 43. Kf3 g5 44. Ra7 Re6 45.
Rc7 Re5 1/2-1/2

[Event "12. Int. Neckar-Open A-Open"]
[Site "Deizisau, Germany"]
[Date "2008.03.21"]
[Round "3.2"]
[White "Graf, Alexander"]
[Black "König, Dietrich"]
[Result "1-0"]
[WhiteElo "2586"]
[BlackElo "2349"]
[PlyCount "123"]
[EventDate "2008.??.??"]
[SourceDate "2008.03.21"]

1. d4 d5 2. c4 e6 3. Nc3 c5 4. cxd5 exd5 5. Nf3 Nc6 6. g3 Nf6 7. Bg2 Be7 8. O-O
O-O 9. Bg5 cxd4 10. Nxd4 h6 11. Be3 Re8 12. Rc1 Bf8 13. Nxc6 bxc6 14. Na4 Bd7
15. Bc5 Bxc5 16. Nxc5 Bg4 17. Re1 Qa5 18. Qc2 Qxa2 19. f3 Rab8 20. Ra1 Qxb2 21.
Qxb2 Rxb2 22. fxg4 Rexe2 23. Rxe2 Rxe2 24. Rc1 Re3 25. Nb7 Nxg4 26. Na5 d4 27.
Nxc6 Rc3 28. Rb1 d3 29. Ne7+ Kh7 30. Be4+ g6 31. Nd5 Rc5 32. Rd1 f5 33. Bg2 g5
34. Nb4 Ne3 35. Rxd3 Rc1+ 36. Kf2 Ng4+ 37. Ke2 a5 38. h3 axb4 39. hxg4 fxg4 40.
Be4+ Kg7 41. Rd6 Rc3 42. Kf2 Rc4 43. Bd3 Rc3 44. Ke3 h5 45. Rg6+ Kh7 46. Rxg5+
Kh6 47. Rg6+ Kh7 48. Rg5+ Kh6 49. Rg6+ Kh7 50. Rb6+ Kg7 51. Rxb4 Rc5 52. Kf4
Ra5 53. Rb6 h4 54. gxh4 g3 55. Kxg3 Ra3 56. Rd6 Ra4 57. h5 Ra8 58. Kg4 Ra4+ 59.
Kg5 Ra8 60. Rd7+ Kh8 61. Kh6 Rb8 62. Rh7+ 1-0